000 00528nam a2200181 i 4500
001 101792
003 ES-MaACL
005 20230906182959.0
007 t|
008 051025s1958 pr ||||1| spa d
080 _a821.134.2(729.5)-4"19"
100 1 _aMeléndez Muñoz, Miguel.
_979926
245 1 0 _aAlgunos ensayos /
_cMiguel Meléndez Muñoz.
250 _a[1ª ed.].
260 _aSan Juan Bautista de Puerto Rico :
_bClub de la Prensa,
_c1958.
300 _a214 p. ;
_c23 cm.
852 _aES-MaACL
_jC-27797
_bR.57159
999 _c101792
_d101792